000
00246 a2200109 4500
001
58317
082
_a
958.1044 GOO
090
_c
35804
_d
35804
100
_a
Goodwin J.
245
_a
Caught in the Crossfire
260
_a
USA
_b
E.p Duttan
_c
1987
942
_a
NUST-CAE
_k
958.1044 GOO
999
_c
293390
_d
293390